00322nam a2200133Ia 4500008004100000020001500041041001200056082001600068100001800084245003500102260002500137300000800162650001800170221030s9999 xx 000 0 und d a0074637916 aEnglish a105.23bBri aJ. A. O`brien 0aManagement Information Systems bTMHaNew Delhic2001 a700 aMBA Computers